000 00537nam a2200169Ia 4500
008 090201s9999 xx 000 0 und d
010 _aKPL-55737
040 _bमराठी
041 _aमराठी
082 _a41284
_b55737
100 _aश्रीकांत दळवी
245 _aजीवनमरण
_cश्रीकांत दळवी
260 _c2004
_bसाहित्य संपदा प्रकाशन
300 _a676
_bमोठा
600 _aजीवनमरण
942 _cBOOK
999 _c238492
_d238492